[Event "Titled Tuesday intern op 8th Sept"]
[Site "Chess.com INT"]
[Date "2020.09.08"]
[Round "5"]
[White "Giri, Anish"]
[Black "Shubin, Kirill"]
[Result "1-0"]
[WhiteElo "2764"]
[BlackElo "2429"]
[PlyCount "141"]
[EventDate "2020.09.08"]
[EventType "swiss (blitz)"]
[EventRounds "10"]
[EventCountry "USA"]
[SourceTitle "EXT 2021"]
[Source "ChessBase"]
[SourceDate "2020.10.23"]
[SourceVersion "1"]
[SourceVersionDate "2020.10.23"]
[SourceQuality "1"]

1. d4 e6 2. c4 Nf6 3. Nf3 Bb4+ 4. Bd2 a5 5. a3 Bxd2+ 6. Qxd2 d6 7. Nc3 Nbd7 8.
e3 O-O 9. Be2 e5 10. O-O Re8 11. Rfd1 exd4 12. Nxd4 a4 13. Qc2 Nc5 14. Bf3 Bg4
15. Qe2 Bxf3 16. Qxf3 Nfe4 17. Rac1 Nxc3 18. Rxc3 Qd7 19. h3 Re5 20. Rc2 Rae8
21. Nb5 Rf5 22. Qe2 Ne4 23. Rf1 Rg5 24. Kh2 f5 25. Qf3 Rg6 26. Rd1 Rf6 27. Nd4
g5 28. Qh5 Rg6 29. Qf3 Rf8 30. Ne2 b6 31. Nc3 Nxc3 32. Rxc3 f4 33. e4 Qe6 34.
Rd4 Re8 35. Rcd3 Kg7 36. Qh5 Re7 37. f3 h6 38. Rd5 Qf6 39. Rd2 Qe6 40. Rc2 Qf6
41. Rf5 Qe6 42. h4 Re8 43. Kg1 Rh8 44. Qg4 h5 45. Qh3 g4 46. fxg4 hxg4 47. Qc3+
Rf6 48. Rxf4 Rxh4 49. Rcf2 Rhh6 50. Qg3 Rhg6 51. Rxf6 Rxf6 52. Rxf6 Kxf6 53.
Qf4+ Kg6 54. Kf2 Qe5 55. Qxg4+ Kf6 56. Qf5+ Qxf5+ 57. exf5 Kxf5 58. Kf3 c6 59.
g4+ Kg5 60. Kg3 d5 61. cxd5 cxd5 62. Kf3 d4 63. Ke4 Kxg4 64. Kxd4 Kf4 65. Kc4
Ke4 66. Kb5 Kd3 67. Kxb6 Kc4 68. Ka5 Kb3 69. Kb5 Kxb2 70. Kxa4 Kc3 71. Kb5 1-0

[Event "Titled Tuesday intern op 15t Sept"]
[Site "Chess.com INT"]
[Date "2020.09.15"]
[Round "1"]
[White "Baskin, Robert"]
[Black "Giri, Anish"]
[Result "1-0"]
[WhiteElo "2390"]
[BlackElo "2764"]
[PlyCount "115"]
[EventDate "2020.09.15"]
[EventType "swiss (blitz)"]
[EventRounds "10"]
[EventCountry "USA"]
[SourceTitle "EXT 2021"]
[Source "ChessBase"]
[SourceDate "2020.10.23"]
[SourceVersion "1"]
[SourceVersionDate "2020.10.23"]
[SourceQuality "1"]

1. e4 c5 2. Nf3 e6 3. d4 cxd4 4. Nxd4 a6 5. Bd3 Bc5 6. Nb3 Ba7 7. Qg4 Nf6 8.
Qg3 Nc6 9. Nc3 d6 10. O-O Ne5 11. Be2 O-O 12. Bf4 Bb8 13. Rad1 Qe7 14. Be3 b5
15. f4 Ned7 16. a3 Bb7 17. Bf3 Rc8 18. e5 Nd5 19. Nxd5 Bxd5 20. Bxd5 exd5 21.
Nd4 dxe5 22. Nf5 Qf6 23. fxe5 Bxe5 24. Qg4 h5 25. Qxh5 Qe6 26. Qg4 Kf8 27. Qh5
g6 28. Qh6+ Ke8 29. Nd4 Qe7 30. Rde1 Rc4 31. c3 Rac8 32. Bf4 Kd8 33. Bxe5 Nxe5
34. Qh8+ Kd7 35. Qxe5 Qxe5 36. Rxe5 Kd6 37. Re3 R8c7 38. Rf2 Rd7 39. Rf6+ Kc7
40. Rxa6 Kb7 41. Rf6 b4 42. axb4 Rdc7 43. Ref3 Kb8 44. Rxf7 g5 45. Rxc7 Rxc7
46. Rg3 g4 47. Rxg4 Re7 48. h4 Kc8 49. h5 Rh7 50. Rg5 Ra7 51. h6 Rh7 52. Rg8+
Kd7 53. Rg7+ Ke8 54. Rxh7 Kf8 55. Rb7 Kg8 56. g4 Kh8 57. g5 Kg8 58. g6 1-0

[Event "Titled Tuesday intern op 15t Sept"]
[Site "Chess.com INT"]
[Date "2020.09.15"]
[Round "2"]
[White "Giri, Anish"]
[Black "Cervantes Landeiro, Thalia"]
[Result "1-0"]
[WhiteElo "2764"]
[BlackElo "2311"]
[PlyCount "45"]
[EventDate "2020.09.15"]
[EventType "swiss (blitz)"]
[EventRounds "10"]
[EventCountry "USA"]
[SourceTitle "EXT 2021"]
[Source "ChessBase"]
[SourceDate "2020.10.23"]
[SourceVersion "1"]
[SourceVersionDate "2020.10.23"]
[SourceQuality "1"]

1. d4 d5 2. c4 dxc4 3. Nf3 Nf6 4. e3 e6 5. Bxc4 c5 6. O-O Nc6 7. Nc3 a6 8. d5
exd5 9. Nxd5 Be6 10. e4 b5 11. Nxf6+ Qxf6 12. Bg5 Qg6 13. Bd5 Bd7 14. a4 b4 15.
Qd2 h6 16. Bh4 Bd6 17. Rad1 Bc7 18. Bg3 Bxg3 19. fxg3 O-O 20. Nh4 Qg5 21. Qxg5
hxg5 22. Ng6 Rfd8 23. Bxc6 1-0

[Event "Titled Tuesday intern op 15t Sept"]
[Site "Chess.com INT"]
[Date "2020.09.15"]
[Round "3"]
[White "Garcia Almaguer, Juan Manuel"]
[Black "Girish, A Koushnik"]
[Result "0-1"]
[WhiteElo "2206"]
[BlackElo "2498"]
[PlyCount "70"]
[EventDate "2020.09.15"]
[EventType "swiss (blitz)"]
[EventRounds "10"]
[EventCountry "USA"]
[SourceTitle "EXT 2021"]
[Source "ChessBase"]
[SourceDate "2020.10.23"]
[SourceVersion "1"]
[SourceVersionDate "2020.10.23"]
[SourceQuality "1"]

1. d4 Nf6 2. Nc3 d5 3. Bf4 Bf5 4. e3 e6 5. f3 a6 6. g4 Bg6 7. h4 h5 8. g5 Nfd7
9. Bd3 Bxd3 10. Qxd3 c5 11. g6 Qf6 12. gxf7+ Qxf7 13. Nh3 Be7 14. O-O-O Nc6 15.
Ng5 Bxg5 16. Bxg5 O-O 17. Rhg1 Kh8 18. f4 b5 19. Ne2 b4 20. Ng3 Rac8 21. Kb1 a5
22. dxc5 Nxc5 23. Qe2 g6 24. e4 a4 25. f5 exf5 26. exf5 b3 27. fxg6 Qxg6 28.
axb3 axb3 29. Qxh5+ Qxh5 30. Nxh5 bxc2+ 31. Kxc2 Nb4+ 32. Kb1 Nb3 33. Rdf1
Rxf1+ 34. Rxf1 Ra8 35. Bf6+ Kh7 0-1

[Event "Titled Tuesday intern op 15t Sept"]
[Site "Chess.com INT"]
[Date "2020.09.15"]
[Round "3"]
[White "Khalafova, Narmin Ilgar Qizi"]
[Black "Giri, Anish"]
[Result "0-1"]
[WhiteElo "2279"]
[BlackElo "2764"]
[PlyCount "78"]
[EventDate "2020.09.15"]
[EventType "swiss (blitz)"]
[EventRounds "10"]
[EventCountry "USA"]
[SourceTitle "EXT 2021"]
[Source "ChessBase"]
[SourceDate "2020.10.23"]
[SourceVersion "1"]
[SourceVersionDate "2020.10.23"]
[SourceQuality "1"]

1. e4 c6 2. Nc3 d5 3. Nf3 Bg4 4. h3 Bxf3 5. Qxf3 e6 6. d3 Nf6 7. Bd2 Bb4 8. a3
Ba5 9. e5 Nfd7 10. Qg4 g6 11. f4 c5 12. O-O-O a6 13. d4 cxd4 14. Ne2 Bb6 15.
Be1 Nc6 16. Bf2 Nc5 17. Nxd4 Ne4 18. Bh4 Qd7 19. Nb3 Nf2 20. Bxf2 Bxf2 21. Qf3
Ba7 22. Kb1 O-O-O 23. c4 d4 24. Bd3 Kb8 25. Be4 Rc8 26. c5 Rhd8 27. Rc1 Ne7 28.
Rhd1 Qc7 29. Rc4 Nf5 30. Rb4 b5 31. cxb6 Bxb6 32. Rc1 Qa7 33. Rc6 Rxc6 34. Bxc6
d3 35. a4 d2 36. Nxd2 a5 37. Rb5 Rxd2 38. Qb3 Kc7 39. Kc1 Nd4 0-1

[Event "Titled Tuesday intern op 15t Sept"]
[Site "Chess.com INT"]
[Date "2020.09.15"]
[Round "4"]
[White "Giri, Anish"]
[Black "Goltsev, Dmitry"]
[Result "1-0"]
[WhiteElo "2764"]
[BlackElo "2312"]
[PlyCount "91"]
[EventDate "2020.09.15"]
[EventType "swiss (blitz)"]
[EventRounds "10"]
[EventCountry "USA"]
[SourceTitle "EXT 2021"]
[Source "ChessBase"]
[SourceDate "2020.10.23"]
[SourceVersion "1"]
[SourceVersionDate "2020.10.23"]
[SourceQuality "1"]

1. e4 c5 2. Nf3 e6 3. d4 cxd4 4. Nxd4 a6 5. Bd3 Qc7 6. O-O Nf6 7. Qe2 Nc6 8.
Nxc6 bxc6 9. e5 Nd5 10. a3 Bc5 11. c4 Ne7 12. Nd2 Ng6 13. Nf3 a5 14. h4 Rb8 15.
h5 Ne7 16. h6 g6 17. Bg5 O-O 18. Rab1 Nf5 19. Bxf5 exf5 20. Qd2 Re8 21. b4 axb4
22. axb4 Bf8 23. c5 Ra8 24. Rfd1 Re6 25. Bf4 Qa7 26. Nd4 Re8 27. Qc3 Qa3 28.
Nb3 Rb8 29. e6 Qxb4 30. Qg3 Rb7 31. Nd2 Qa4 32. exf7+ Kxf7 33. Nf3 Rxb1 34.
Rxb1 Qa2 35. Ng5+ Kg8 36. Rc1 Qd5 37. Qh3 Ba6 38. Bd6 Bxd6 39. cxd6 Qxd6 40.
Qc3 Qe7 41. Qb3+ Kh8 42. Nf3 Bb5 43. Qc3+ Kg8 44. Re1 Qf8 45. Rxe8 Qxe8 46.
Qg7# 1-0

[Event "Titled Tuesday intern op 15t Sept"]
[Site "Chess.com INT"]
[Date "2020.09.15"]
[Round "4"]
[White "Girish, A Koushnik"]
[Black "Peatman, Carter F"]
[Result "1-0"]
[WhiteElo "2498"]
[BlackElo "1963"]
[PlyCount "43"]
[EventDate "2020.09.15"]
[EventType "swiss (blitz)"]
[EventRounds "10"]
[EventCountry "USA"]
[SourceTitle "EXT 2021"]
[Source "ChessBase"]
[SourceDate "2020.10.23"]
[SourceVersion "1"]
[SourceVersionDate "2020.10.23"]
[SourceQuality "1"]

1. c4 Nf6 2. Nc3 e6 3. e4 d5 4. e5 Ng8 5. d4 Bb4 6. cxd5 exd5 7. Qa4+ Nc6 8.
Bb5 Bxc3+ 9. bxc3 Bd7 10. Qb3 Nge7 11. Ne2 O-O 12. Bd3 Na5 13. Qc2 h6 14. O-O
Qc8 15. Ng3 c5 16. Ba3 b6 17. f4 Re8 18. f5 c4 19. Be2 b5 20. f6 Ng6 21. fxg7
Kxg7 22. Nh5+ 1-0

[Event "Titled Tuesday intern op 15t Sept"]
[Site "Chess.com INT"]
[Date "2020.09.15"]
[Round "5"]
[White "Girish, A Koushnik"]
[Black "Hamley, Ryan"]
[Result "1-0"]
[WhiteElo "2498"]
[BlackElo "2089"]
[PlyCount "133"]
[EventDate "2020.09.15"]
[EventType "swiss (blitz)"]
[EventRounds "10"]
[EventCountry "USA"]
[SourceTitle "EXT 2021"]
[Source "ChessBase"]
[SourceDate "2020.10.23"]
[SourceVersion "1"]
[SourceVersionDate "2020.10.23"]
[SourceQuality "1"]

1. c4 Nf6 2. Nc3 e6 3. e3 d5 4. Nf3 Bb4 5. Qa4+ Nc6 6. d4 O-O 7. Qc2 a6 8. Bd2
dxc4 9. Bxc4 b5 10. Bd3 Bb7 11. Ne4 Bxd2+ 12. Nfxd2 Rc8 13. a3 h6 14. Nc5 Ba8
15. O-O e5 16. dxe5 Nxe5 17. Be2 Qd6 18. Rfd1 Qb6 19. h3 Rfd8 20. b4 Nfd7 21.
Ndb3 Qc6 22. Bf1 Nxc5 23. Nxc5 Qf6 24. f4 Ng6 25. Qf2 Nh4 26. e4 Ng6 27. e5
Qxf4 28. Qxf4 Nxf4 29. Nxa6 Be4 30. Nc5 Bc2 31. Rxd8+ Rxd8 32. Bxb5 Rd2 33. Bf1
Bd1 34. a4 Be2 35. a5 Bxf1 36. Kxf1 Nxg2 37. a6 Ne3+ 38. Kg1 Rd8 39. a7 Ra8 40.
e6 Nd5 41. b5 fxe6 42. Nxe6 Kf7 43. Nd4 Ke7 44. Nc6+ Kd6 45. Rf1 Nc3 46. Rf7
Nxb5 47. Ne7 Rxa7 48. Nc8+ Ke6 49. Re7+ Kf6 50. Nxa7 Kxe7 51. Nxb5 c5 52. Kf2
Kf6 53. Kf3 Kg5 54. Nc3 Kf5 55. Ne4 g5 56. Nxc5 h5 57. Kg3 Ke5 58. Nd3+ Ke4 59.
Nf2+ Ke3 60. Nd1+ Ke4 61. Nc3+ Ke3 62. Nd5+ Ke4 63. Nf6+ Kf5 64. Nxh5 Kg6 65.
Kg4 Kh6 66. Ng3 Kg6 67. Ne4 1-0

[Event "Titled Tuesday intern op 15t Sept"]
[Site "Chess.com INT"]
[Date "2020.09.15"]
[Round "5"]
[White "Tica, Sven"]
[Black "Giri, Anish"]
[Result "0-1"]
[WhiteElo "2402"]
[BlackElo "2764"]
[PlyCount "78"]
[EventDate "2020.09.15"]
[EventType "swiss (blitz)"]
[EventRounds "10"]
[EventCountry "USA"]
[SourceTitle "EXT 2021"]
[Source "ChessBase"]
[SourceDate "2020.10.23"]
[SourceVersion "1"]
[SourceVersionDate "2020.10.23"]
[SourceQuality "1"]

1. d4 Nf6 2. c4 e6 3. g3 d5 4. Bg2 Bb4+ 5. Bd2 Be7 6. Nf3 O-O 7. O-O Nbd7 8.
Qc2 c6 9. Bf4 b6 10. Nc3 Bb7 11. Rfd1 dxc4 12. Nd2 Nd5 13. Nxc4 Nxf4 14. gxf4
Nf6 15. Rac1 Nd5 16. e3 Rc8 17. Ne5 f6 18. Nc4 Kh8 19. f5 exf5 20. Qxf5 g6 21.
Qe6 Rc7 22. Nxd5 cxd5 23. Nd2 Rd7 24. a3 f5 25. Nf3 Bf6 26. Rc6 Bxc6 27. Qxc6
Rc7 28. Qb5 Qd6 29. Ne1 f4 30. Qxd5 Qe7 31. e4 Rd8 32. Qb3 Rxd4 33. Rxd4 Bxd4
34. Nd3 f3 35. Bxf3 Kg7 36. Kf1 Qf6 37. Ke2 Rf7 38. Ne1 Bxb2 39. a4 Bc3 0-1

[Event "Titled Tuesday intern op 15t Sept"]
[Site "Chess.com INT"]
[Date "2020.09.15"]
[Round "6"]
[White "Giri, Anish"]
[Black "Nguyen, Ngoc Truong Son"]
[Result "1-0"]
[WhiteElo "2764"]
[BlackElo "2641"]
[PlyCount "79"]
[EventDate "2020.09.15"]
[EventType "swiss (blitz)"]
[EventRounds "10"]
[EventCountry "USA"]
[SourceTitle "EXT 2021"]
[Source "ChessBase"]
[SourceDate "2020.10.23"]
[SourceVersion "1"]
[SourceVersionDate "2020.10.23"]
[SourceQuality "1"]

1. d4 Nf6 2. c4 c5 3. d5 e6 4. Nc3 exd5 5. cxd5 d6 6. e4 g6 7. Nf3 Bg7 8. Nd2
O-O 9. Be2 Re8 10. O-O a6 11. a4 Nbd7 12. Qc2 Ne5 13. h3 g5 14. Ra3 g4 15. hxg4
Nfxg4 16. Nd1 Ng6 17. Nf3 h6 18. Re1 Rb8 19. a5 Bd7 20. Bd2 Bb5 21. Ne3 Nxe3
22. Bxe3 Qe7 23. Nd2 Qf6 24. Bc4 Qxb2 25. Qxb2 Bxb2 26. Rb3 Bg7 27. Bxb5 axb5
28. Rxb5 Bc3 29. Bxh6 f5 30. Rb6 Kh7 31. Bg5 f4 32. Rd1 Bxd2 33. Rxd2 Rxe4 34.
Rxd6 Re1+ 35. Kh2 Rh8 36. Bf6 Rf8 37. Rd3 Kg8 38. Rh3 Kf7 39. Rh7+ Ke8 40. Rd8#
1-0

[Event "Titled Tuesday intern op 15t Sept"]
[Site "Chess.com INT"]
[Date "2020.09.15"]
[Round "6"]
[White "Vlassov, Nikolai"]
[Black "Girish, A Koushnik"]
[Result "0-1"]
[WhiteElo "2352"]
[BlackElo "2498"]
[PlyCount "56"]
[EventDate "2020.09.15"]
[EventType "swiss (blitz)"]
[EventRounds "10"]
[EventCountry "USA"]
[SourceTitle "EXT 2021"]
[Source "ChessBase"]
[SourceDate "2020.10.23"]
[SourceVersion "1"]
[SourceVersionDate "2020.10.23"]
[SourceQuality "1"]

1. e4 c6 2. d4 d5 3. e5 Bf5 4. Nc3 e6 5. g4 Bg6 6. Nge2 a6 7. Be3 c5 8. dxc5
Nd7 9. Bg2 Nxe5 10. Nf4 Nf6 11. g5 Nfg4 12. Nxg6 Nxe3 13. fxe3 hxg6 14. h4 Bxc5
15. Qe2 Qb6 16. O-O-O Bxe3+ 17. Kb1 Nc4 18. b3 Na3+ 19. Kb2 Bd4 20. Rxd4 Qxd4
21. Rd1 Qc5 22. Rxd5 Qc7 23. Rd3 Nb5 24. Nxb5 axb5 25. Re3 Kf8 26. Qxb5 Rxh4
27. Be4 Rc8 28. Rf3 Rxe4 0-1

[Event "Titled Tuesday intern op 15t Sept"]
[Site "Chess.com INT"]
[Date "2020.09.15"]
[Round "7"]
[White "Girish, A Koushnik"]
[Black "Benitez Lozano, Javier"]
[Result "0-1"]
[WhiteElo "2498"]
[BlackElo "2350"]
[PlyCount "108"]
[EventDate "2020.09.15"]
[EventType "swiss (blitz)"]
[EventRounds "10"]
[EventCountry "USA"]
[SourceTitle "EXT 2021"]
[Source "ChessBase"]
[SourceDate "2020.10.23"]
[SourceVersion "1"]
[SourceVersionDate "2020.10.23"]
[SourceQuality "1"]

1. c4 c5 2. Nc3 Nc6 3. Nf3 g6 4. e3 Bg7 5. d4 cxd4 6. exd4 d6 7. h3 Nf6 8. d5
Nb8 9. Bd3 Nbd7 10. O-O O-O 11. Re1 a6 12. Bg5 Rb8 13. a4 Nc5 14. Bc2 a5 15.
Qd2 Bd7 16. b3 Re8 17. Bh6 Qc8 18. Bxg7 Kxg7 19. Qd4 Kg8 20. Re3 Bf5 21. Bd1
Qd8 22. Qh4 e5 23. dxe6 Rxe6 24. Rxe6 Nxe6 25. Ra2 Ne4 26. Nxe4 Qxh4 27. Nxh4
Bxe4 28. Rd2 Rd8 29. Bf3 Bxf3 30. Nxf3 Nc5 31. Nd4 Kf8 32. Kf1 Ke7 33. Ke2 d5
34. cxd5 Rxd5 35. Ke3 f5 36. g4 fxg4 37. hxg4 Kf6 38. f4 h5 39. g5+ Kf7 40. Rf2
Ne6 41. Nf3 Rc5 42. Ne5+ Kg7 43. Rd2 Rc3+ 44. Ke4 Rxb3 45. Rd7+ Kg8 46. Re7
Rb4+ 47. Ke3 Nxf4 48. Nd7 Nd5+ 49. Kd3 Nxe7 50. Nf6+ Kf7 51. Kc3 Rxa4 52. Nd7
Ra3+ 53. Kb2 Rg3 54. Ne5+ Ke6 0-1

[Event "Titled Tuesday intern op 15t Sept"]
[Site "Chess.com INT"]
[Date "2020.09.15"]
[Round "7"]
[White "Harsha, Bharathakoti"]
[Black "Giri, Anish"]
[Result "0-1"]
[WhiteElo "2509"]
[BlackElo "2764"]
[PlyCount "70"]
[EventDate "2020.09.15"]
[EventType "swiss (blitz)"]
[EventRounds "10"]
[EventCountry "USA"]
[SourceTitle "EXT 2021"]
[Source "ChessBase"]
[SourceDate "2020.10.23"]
[SourceVersion "1"]
[SourceVersionDate "2020.10.23"]
[SourceQuality "1"]

1. d4 Nf6 2. c4 e6 3. Nc3 Bb4 4. e3 O-O 5. Bd2 d5 6. Nf3 Re8 7. Rc1 Bf8 8. Be2
b6 9. O-O Bb7 10. cxd5 exd5 11. Ne5 c5 12. Bb5 Re7 13. f4 a6 14. Bd3 Nc6 15.
Be1 cxd4 16. Nxc6 Bxc6 17. exd4 Ne4 18. Bh4 f6 19. Bxe4 dxe4 20. d5 Bb7 21. Re1
b5 22. a3 Rc8 23. Qb3 Kh8 24. Rcd1 e3 25. Rd3 Rc4 26. Bg3 Qb6 27. h3 Re8 28.
Kh2 Bc5 29. Nd1 Rce4 30. d6 Bxd6 31. Rdxe3 Qc6 32. Rxe4 Rxe4 33. Rxe4 Qxe4 34.
Ne3 Bc5 35. Bf2 Bxe3 0-1

[Event "Titled Tuesday intern op 15t Sept"]
[Site "Chess.com INT"]
[Date "2020.09.15"]
[Round "8"]
[White "Berdnyk, Mariia"]
[Black "Girish, A Koushnik"]
[Result "1-0"]
[WhiteElo "2324"]
[BlackElo "2498"]
[PlyCount "41"]
[EventDate "2020.09.15"]
[EventType "swiss (blitz)"]
[EventRounds "10"]
[EventCountry "USA"]
[SourceTitle "EXT 2021"]
[Source "ChessBase"]
[SourceDate "2020.10.23"]
[SourceVersion "1"]
[SourceVersionDate "2020.10.23"]
[SourceQuality "1"]

1. d4 Nf6 2. c4 g6 3. Nc3 Bg7 4. e4 d6 5. Be2 O-O 6. Be3 Na6 7. Nf3 e5 8. O-O
Ng4 9. Bg5 f6 10. Bh4 Qe8 11. h3 Nh6 12. Qd2 c6 13. Rfe1 f5 14. c5 exd4 15.
Nxd4 dxc5 16. Bc4+ Kh8 17. exf5 cxd4 18. Rxe8 Rxe8 19. f6 Bf8 20. Qxd4 Nf5 21.
f7+ 1-0

[Event "Titled Tuesday intern op 15t Sept"]
[Site "Chess.com INT"]
[Date "2020.09.15"]
[Round "8"]
[White "Giri, Anish"]
[Black "Lazavik, Denis"]
[Result "1-0"]
[WhiteElo "2764"]
[BlackElo "2424"]
[PlyCount "97"]
[EventDate "2020.09.15"]
[EventType "swiss (blitz)"]
[EventRounds "10"]
[EventCountry "USA"]
[SourceTitle "EXT 2021"]
[Source "ChessBase"]
[SourceDate "2020.10.23"]
[SourceVersion "1"]
[SourceVersionDate "2020.10.23"]
[SourceQuality "1"]

1. e4 e5 2. Nf3 Nc6 3. Bb5 a6 4. Ba4 Nf6 5. O-O Be7 6. d3 b5 7. Bb3 d6 8. a3
O-O 9. Ba2 Nb8 10. Re1 Nbd7 11. Nbd2 h6 12. Nf1 Re8 13. Ng3 Bf8 14. h3 Bb7 15.
Nh2 g6 16. Ng4 h5 17. Nh6+ Bxh6 18. Bxh6 Nh7 19. Rf1 Qh4 20. Qf3 Ndf6 21. Nf5
gxf5 22. Qxf5 d5 23. g3 Bc8 24. gxh4 Bxf5 25. exf5 c6 26. f3 Nf8 27. Rae1 Kh7
28. Bg5 N8d7 29. Kh2 a5 30. Rf2 b4 31. Rfe2 bxa3 32. bxa3 a4 33. Kg3 Rab8 34.
d4 e4 35. c4 Kg7 36. cxd5 cxd5 37. Kf4 Rbc8 38. fxe4 dxe4 39. Rg2 Rf8 40. Reg1
Kh7 41. Bxf6 Nxf6 42. Rg7+ Kh8 43. Rxf7 Rxf7 44. Bxf7 Rf8 45. Be6 Rd8 46. Ke5
Nh7 47. Kxe4 Nf8 48. d5 Nh7 49. Ke5 1-0

[Event "Titled Tuesday intern op 15t Sept"]
[Site "Chess.com INT"]
[Date "2020.09.15"]
[Round "9"]
[White "Giri, Anish"]
[Black "Gazik, Viktor"]
[Result "0-1"]
[WhiteElo "2764"]
[BlackElo "2539"]
[PlyCount "102"]
[EventDate "2020.09.15"]
[EventType "swiss (blitz)"]
[EventRounds "10"]
[EventCountry "USA"]
[SourceTitle "EXT 2021"]
[Source "ChessBase"]
[SourceDate "2020.10.23"]
[SourceVersion "1"]
[SourceVersionDate "2020.10.23"]
[SourceQuality "1"]

1. e4 Nf6 2. e5 Nd5 3. c4 Nb6 4. c5 Nd5 5. Nc3 e6 6. d4 d6 7. cxd6 cxd6 8. Nf3
Nc6 9. exd6 Bxd6 10. Bd3 O-O 11. O-O Nce7 12. Ne4 b6 13. Re1 Bb7 14. a3 Ng6 15.
Neg5 Rc8 16. Ne5 Bxe5 17. dxe5 Rxc1 18. Qxc1 Ndf4 19. Be4 Bxe4 20. Nxe4 Nd3 21.
Qc3 Nxe1 22. Rxe1 Qd5 23. Ng5 h6 24. Nf3 Rd8 25. g3 Ne7 26. Re2 Qd1+ 27. Re1
Qa4 28. Kg2 Nd5 29. Qc1 a5 30. h4 Qg4 31. Qd2 Rc8 32. Rc1 Rxc1 33. Qxc1 Qe4 34.
Qe1 Qc2 35. Qd2 Qb3 36. Nd4 Qc4 37. h5 b5 38. f4 b4 39. axb4 Nxb4 40. Kf3 Nd3
41. Ke3 Nc5 42. Qc2 Qd5 43. g4 a4 44. Nf3 Nb3 45. Qc8+ Kh7 46. Qc2+ Kg8 47. g5
Qxf3+ 48. Kxf3 Nd4+ 49. Ke4 Nxc2 50. Kd3 Nb4+ 51. Kc4 Nd5 0-1

[Event "Titled Tuesday intern op 15t Sept"]
[Site "Chess.com INT"]
[Date "2020.09.15"]
[Round "9"]
[White "Girish, A Koushnik"]
[Black "Idrisov, Ildar F"]
[Result "1-0"]
[WhiteElo "2498"]
[BlackElo "2282"]
[PlyCount "35"]
[EventDate "2020.09.15"]
[EventType "swiss (blitz)"]
[EventRounds "10"]
[EventCountry "USA"]
[SourceTitle "EXT 2021"]
[Source "ChessBase"]
[SourceDate "2020.10.23"]
[SourceVersion "1"]
[SourceVersionDate "2020.10.23"]
[SourceQuality "1"]

1. Nf3 d5 2. g3 c6 3. Bg2 Nf6 4. O-O h6 5. d3 Bf5 6. c4 e6 7. Nc3 Nbd7 8. cxd5
exd5 9. e4 dxe4 10. dxe4 Be6 11. Nd4 Qe7 12. e5 Nd5 13. Nxd5 Bxd5 14. Bxd5 cxd5
15. Nb5 Qc5 16. a4 a6 17. Be3 d4 18. Bxd4 1-0

[Event "Titled Tuesday intern op 15t Sept"]
[Site "Chess.com INT"]
[Date "2020.09.15"]
[Round "10"]
[White "Loy, Konstantin"]
[Black "Girish, A Koushnik"]
[Result "0-1"]
[WhiteElo "2268"]
[BlackElo "2498"]
[PlyCount "118"]
[EventDate "2020.09.15"]
[EventType "swiss (blitz)"]
[EventRounds "10"]
[EventCountry "USA"]
[SourceTitle "EXT 2021"]
[Source "ChessBase"]
[SourceDate "2020.10.23"]
[SourceVersion "1"]
[SourceVersionDate "2020.10.23"]
[SourceQuality "1"]

1. e4 c6 2. d4 d5 3. exd5 cxd5 4. c4 Nf6 5. Nc3 g6 6. cxd5 Bg7 7. Bc4 O-O 8.
Nge2 b6 9. Nf4 Ba6 10. Bxa6 Nxa6 11. O-O Nc7 12. Qf3 Qd7 13. Re1 Rad8 14. Bd2
Rfe8 15. Re5 Ng4 16. Re4 Nf6 17. Re5 Ng4 18. Re4 f5 19. Re2 Bxd4 20. Rd1 e5 21.
dxe6 Nxe6 22. Nxe6 Rxe6 23. Be1 Rde8 24. Rxe6 Qxe6 25. Qd5 Qxd5 26. Nxd5 Rxe1+
27. Rxe1 Bxf2+ 28. Kf1 Bxe1 29. Kxe1 Nxh2 30. Ne7+ Kf7 31. Nc8 Ke6 32. Nxa7 Kd7
33. Nb5 Ng4 34. Ke2 Kc6 35. Nd4+ Kc5 36. Ne6+ Kd6 37. Nf8 Nf6 38. Kd3 Ke7 39.
Nxh7 Nxh7 40. a4 Kd6 41. b4 Nf6 42. Kd4 Nd5 43. a5 Nxb4 44. axb6 Nc6+ 45. Kc4
g5 46. b7 f4 47. Kd3 Kd5 48. Ke2 Ke4 49. Kf2 g4 50. Ke2 Kd4 51. Kf2 Kd3 52. Kf1
Ke3 53. Ke1 f3 54. gxf3 Kxf3 55. Kf1 Kg3 56. Kg1 Nb8 57. Kh1 Kf2 58. Kh2 g3+
59. Kh3 g2 0-1

[Event "Titled Tuesday intern op 15t Sept"]
[Site "Chess.com INT"]
[Date "2020.09.15"]
[Round "10"]
[White "Vokhidov, Shamsiddin"]
[Black "Giri, Anish"]
[Result "1-0"]
[WhiteElo "2512"]
[BlackElo "2764"]
[PlyCount "109"]
[EventDate "2020.09.15"]
[EventType "swiss (blitz)"]
[EventRounds "10"]
[EventCountry "USA"]
[SourceTitle "EXT 2021"]
[Source "ChessBase"]
[SourceDate "2020.10.23"]
[SourceVersion "1"]
[SourceVersionDate "2020.10.23"]
[SourceQuality "1"]

1. e4 e5 2. Nf3 Nc6 3. Bb5 a6 4. Ba4 Nf6 5. O-O Be7 6. d3 b5 7. Bb3 d6 8. a3
O-O 9. Nc3 h6 10. h3 Re8 11. Nd5 Na5 12. Nxe7+ Qxe7 13. Ba2 c5 14. b4 cxb4 15.
axb4 Nc6 16. Bd2 Be6 17. Bxe6 Qxe6 18. Nh4 d5 19. f3 Ne7 20. g4 Kh7 21. Kh2
Rac8 22. Nf5 Rc6 23. c3 Rd8 24. Qe2 Qd7 25. Be1 dxe4 26. dxe4 Ng6 27. Rf2 Nf4
28. Qf1 g6 29. Ne3 Qc8 30. Rd2 Rxd2+ 31. Bxd2 Rd6 32. Be1 Kg7 33. Ng2 Nd3 34.
Rd1 Qc7 35. Rxd3 Qc4 36. Rxd6 Qxf1 37. Bg3 Ne8 38. Bxe5+ Kf8 39. Rd8 Ke7 40.
Ra8 Qxf3 41. Rxa6 Qxe4 42. Bg3 f6 43. Rb6 Qc4 44. Ne3 Qe2+ 45. Ng2 g5 46. Kg1
Kf7 47. Bf2 Qd1+ 48. Kh2 Qe2 49. Bd4 h5 50. gxh5 Qxh5 51. Rxb5 Qf3 52. Rb6 f5
53. b5 g4 54. hxg4 fxg4 55. Rh6 1-0